Cartas de Rodez
Αποθηκεύτηκε σε:
| Κύριος συγγραφέας: | |
|---|---|
| Μορφή: | Βιβλίο |
| Γλώσσα: | Ισπανικά |
| Έκδοση: |
Madrid
Fundamentos
1981
|
| Έκδοση: | 2a. ed |
| Σειρά: | Colección Arte. Serie literatura, 63
|
| Θέματα: | |
| Ετικέτες: |
Προσθήκη ετικέτας
Δεν υπάρχουν, Καταχωρήστε ετικέτα πρώτοι!
|
MARC
| LEADER | 00000nam a2200000 a 4500 | ||
|---|---|---|---|
| 001 | UCV9595 | ||
| 003 | CL-VaPUC | ||
| 008 | 921204e19810000SP |||||||||||||||||spa|d | ||
| 082 | 0 | 4 | |a 846 |b ART |2 21 |
| 100 | 0 | |a Artaud, Antonin |e author |9 303621 | |
| 245 | 1 | 0 | |a Cartas de Rodez |
| 250 | |a 2a. ed | ||
| 300 | |a v | ||
| 942 | |c BK | ||
| 945 | |d 19921204 00:00:00 | ||
| 260 | |a Madrid |b Fundamentos |c 1981 | ||
| 500 | |a v.1: 1943-1944 | ||
| 650 | 0 | |a Correspondencia |9 258963 | |
| 583 | |a last modification |c 19921204 00:00:00 |k Rodrigo Vera | ||
| 490 | 0 | |a Colección Arte. Serie literatura, 63 | |
| 999 | |c 214907 |d 214905 | ||
| 952 | |0 0 |1 0 |4 0 |6 846_000000000000000_ART_1981 |7 0 |8 A |9 198735 |a BIBARQ |b BIBARQ |d 2019-11-14 |h v.1 |i 2661306 |o 846 ART 1981 |p 2661306 |r 2025-01-20 |w 2019-11-14 |y BK |k ARQ | ||